Cotard's Solution - Will Wood and the Tapeworms Lyrics - Statistics

General Stats
  • This quiz has been taken 23 times
    10 since last reset
  • The average score is 344 of 458
Answer Stats
Lyrics % Correct
a
100%
and
100%
And
100%
awake
100%
black
100%
color?
100%
come
100%
darkness
100%
day?
100%
do
100%
dreams
100%
fear
100%
gave
100%
go
100%
I
100%
I?
100%
identity
100%
if
100%
I'll
100%
in
100%
like
100%
live
100%
live,
100%
me,
100%
me
100%
me!
100%
me)
100%
me),
100%
my
100%
name,
100%
nightmares?
100%
no
100%
of
100%
Of
100%
stay
100%
that
100%
the
100%
through
100%
to
100%
tonight
100%
way
100%
What
100%
what
100%
when
100%
white
100%
Would
100%
you
100%
about
86%
away?
86%
blow
86%
brain
86%
can
86%
caught
86%
change
86%
did?
86%
does
86%
fly
86%
I'm
86%
kite,
86%
not
86%
or,
86%
or
86%
remind
86%
say
86%
started
86%
true,
86%
up
86%
wind
86%
with
86%
body's
71%
But
71%
but
71%
Cry
71%
eye
71%
eyes
71%
gonna
71%
got
71%
know,
71%
know
71%
light,
71%
look
71%
mine
71%
murder
71%
out
71%
rest
71%
Shanananananana
71%
Shanananananana,
71%
So
71%
suicide
71%
they'll
71%
They'll
71%
was
71%
wish
71%
your
71%
all
57%
back
57%
back,
57%
by
57%
Carving
57%
could
57%
dead,
57%
destiny?
57%
don't
57%
free
57%
head
57%
how
57%
it
57%
It's
57%
it's
57%
listen,
57%
make
57%
one
57%
see
57%
somebody's
57%
squinting
57%
that's
57%
third
57%
wanna
57%
will!
57%
Am
43%
am
43%
anonymous
43%
case
43%
Check
43%
crack,
43%
different
43%
Divide
43%
find
43%
for
43%
hand
43%
identify
43%
initials
43%
into
43%
(kill
43%
less
43%
losing
43%
mirror
43%
Now
43%
people
43%
right
43%
Rolling
43%
than
43%
this
43%
times
43%
track,
43%
track
43%
volition,
43%
were
43%
where
43%
wished
43%
Ah,
29%
ah,
29%
ah
29%
blame
29%
center,
29%
'em
29%
forgot,
29%
from
29%
keep
29%
lead
29%
looking
29%
loose
29%
many
29%
math,
29%
memory,
29%
Oh,
29%
prove
29%
remember
29%
riding
29%
Saw
29%
saw
29%
still
29%
train
29%
ways
29%
who's
29%
forgive?
14%
No matching quizzes found
Score Distribution
Percent of People with Each Score
Percentile by Number Answered
Your Score History
You have not taken this quiz since the last reset